00694nam a2200217Ia 450000500170000000800410001702000180005804000180007604100080009408200210010210000170012324501020014025000060024226000390024830000280028765000470031565000280036265000310039065000320042170000230045320240503085135.0210716s2009 xx 000 0 und d a9788131702444 cAIMIT LIBRARY aeng a005.73 23bBAAS aBaase, Sara. aComputer algorithms: bintroduction to design and analysis /cby Sara Baase and Allen Van Gelder. a3 aNew DelhibPearson Educationc2009 axix,688 p.;bPBc25 cm. aData abstraction and basic data structures aRecursion and induction aDynamic sets and searching aGraphs and graph traversals aGelder, Allen Van.